LIBRARY & INFORMATION CENTRE, KCAET, TAVANUR

ONLINE PUBLIC ACCESS CATALOGUE (OPAC)

Coal & coal combustion in utility boilers 6-8 April, 1999,R&D centre,Noida / (Record no. 825)

MARC details
000 -LEADER
fixed length control field 00974cam a2200145ua 4500
041 ## - LANGUAGE CODE
Language code of text/sound track or separate title eng
082 ## - DEWEY DECIMAL CLASSIFICATION NUMBER
Classification number 028.74621
Item number CBI/CO
245 00 - TITLE STATEMENT
Title Coal & coal combustion in utility boilers 6-8 April, 1999,R&D centre,Noida /
260 ## - PUBLICATION, DISTRIBUTION, ETC. (IMPRINT)
Place of publication New Delhi :
Name of publisher Central board of I and P ,
Year of publication 1999.
300 ## - PHYSICAL DESCRIPTION
Number of Pages 491 ; .
942 ## - ADDED ENTRY ELEMENTS (KOHA)
Koha item type Books
Holdings
Withdrawn status Lost status Damaged status Home library Current library Date acquired Full call number Accession Number Koha item type
      KAUAET KAUAET 07/04/2012 028.74621 20255 Reference
free website counter